000 00426nam a2200097Ia 4500
008 160329s9999 xx 000 0 und d
245 _aGraphy Publications
500 _aThe journal publishes original articles, commentary & editorial describing original research in the fields of communication and media studies.
650 _aMass Communication.
856 _uhttp://www.graphyonline.com/journal/journal_home.php?journalid=IJJMC
999 _c292915
_d292915